Closest Genetic Populations to the Serbs - Statistics

General Stats
  • This quiz has been taken 32 times
  • The average score is 9 of 12
Answer Stats
Genetic Distance Ethnicity % Correct
1.834 Croat
97%
2.975 Greek
97%
1.203 Romanian
93%
2.830 Hungarian
87%
1.942 Bulgarian
80%
2.892 Italian
80%
1.265 Macedonian
77%
1.229 Bosniak
73%
0.634 Montenegrin
67%
3.240 Austrian
57%
3.292 French
37%
2.846 Gagauz
10%
No matching quizzes found
Score Distribution
Percent of People with Each Score
Percentile by Number Answered
Your Score History
You have not taken this quiz